1908 Olympics London, United Kingdom - Statistics

General Stats
  • This quiz has been taken 12 times
  • The average score is 9 of 10
Answer Stats
Total Gold Silver Bronze Nation % Correct
19 5 5 9 France
100%
13 3 5 5 Germany
100%
4 2 2 0 Italy
100%
47 23 12 12 United States
100%
16 3 3 10 Canada
91%
146 56 51 39 Great Britain
91%
8 1 5 2 Belgium
82%
8 2 3 3 Norway
82%
25 8 6 11 Sweden
82%
9 3 4 2 Hungary
36%
No matching quizzes found
Score Distribution
Percent of People with Each Score
Percentile by Number Answered
Your Score History
You have not taken this quiz